000 00897nam a2200301 i 4500
003 EG-GICUC
005 20260221192353.0
008 260206s1936 ua ||||fr ||| 00| 0 fre d
040 _aEG-GICUC
_cEG-GICUC
_dEG-GICUC
_erda
_bara
041 0 _afre
082 0 4 _221
_a341.81
_bAS . Q
092 0 4 _221
099 _aLaw1 12 341.81 AS . Q 1926
100 1 _aAssabghy,A.
_eAuteur
245 _aLes Questions De Nationalité /
_cA.Assabghy .
264 0 _aLe Caire :
_bImprimerie Misr ,
_c1926 .
300 _a204 Pages;
_c30 cm.
336 _atext
_2rda content
337 _aComputer
_2rda media
338 _aOnline Resource
_2rda carrier
546 _aTexte en français
650 0 4 _aDroit International Privé
650 0 4 _aNationalité
700 1 _aBey,E.Colombani
_eAuteur
856 _uhttps://fll.law.cu.edu.eg/fulltext/th/B12-01882.pdf
905 _a59
942 _2ddc
_cBK
_e21
_n0
999 _c61435
_d61435